00525nam a2200133Ia 4500008004100000020002200041100002300063245007400086260003500160300002800195650001600223999001900239952013300258200918s9999 xx 000 0 und d a978-621-427-037-7 aAriola, Mariano M. cMariano M. Ariola, Rowena P. ParajasaReadings in Philippine history/ aManila:bUnlimited Booksc2018 aviii, 203 pagesc25 cm. aPhilippines c364276d364276 001040aCLbCLcFILd2020-09-18eLibrary fundl3m9oDS 668 .A712 2018pC22454r2024-07-04 00:00:00s2024-04-30w2020-09-18yBK